The price of knowledge (Record no. 67389)

MARC details
000 -LEADER
fixed length control field 00995cam a2200217 4500
001 - CONTROL NUMBER
control field WB3724-41
008 - FIXED-LENGTH DATA ELEMENTS--GENERAL INFORMATION
fixed length control field 000000n2001 000 0 eng u
035 ## - SYSTEM CONTROL NUMBER
System control number (Sirsi) u113167
245 #4 - TITLE STATEMENT
Title The price of knowledge
260 ## - PUBLICATION, DISTRIBUTION, ETC.
Date of publication, distribution, etc. 2001
490 ## - SERIES STATEMENT
Series statement Estates Gazette
Volume/sequential designation (0124) 16 June 2001, 160(1)
520 ## - SUMMARY, ETC.
Summary, etc. Looks at the problems surrounding non-retained agents. Describes the case of "Lady Manor Ltd v Fat Cat Cafe Bars" (West London County Court, Abs64439) and its implications. The key message from this judgment is that an un-retained agent who sends a 'cold mail' letter cannot expect a fee for the information provided in that letter. However, notes that an offer to provide further information at a price could result in a fee.
590 ## - LOCAL NOTE (RLIN)
Local note WB
650 ## - SUBJECT ADDED ENTRY--TOPICAL TERM
Topical term or geographic name entry element LADY MANOR LTD V FAT CAT CAFE BARS
650 ## - SUBJECT ADDED ENTRY--TOPICAL TERM
Topical term or geographic name entry element NON-RETAINED AGENTS
650 ## - SUBJECT ADDED ENTRY--TOPICAL TERM
Topical term or geographic name entry element FEES
650 ## - SUBJECT ADDED ENTRY--TOPICAL TERM
Topical term or geographic name entry element INFORMATION PROVISION
650 ## - SUBJECT ADDED ENTRY--TOPICAL TERM
Topical term or geographic name entry element ESTATE AGENTS
690 ## - LOCAL SUBJECT ADDED ENTRY--TOPICAL TERM (OCLC, RLIN)
Topical term or geographic name as entry element PROPERTY AND LAND LAW-AGENCY-CASE LAW
942 ## - ADDED ENTRY ELEMENTS (KOHA)
Suppress in OPAC 0
Holdings
Withdrawn status Lost status Source of classification or shelving scheme Damaged status Not for loan Home library Current library Shelving location Date acquired Total Checkouts Full call number Barcode Date last seen Copy number Price effective from Koha item type
    Dewey Decimal Classification     London London News article 20/06/2001   WB3724-41 113167-1001 06/08/2019 1 06/08/2019 News article